Enciclopedia criminalística, criminología e investigación: Tomo II (Registro nro. 9865)
[ vista simple ]
| 000 -Cabecera | |
|---|---|
| Campo de control de longitud fija | 00771nam a22002777a 4500 |
| 005 - Fecha y hora de la última transacción | |
| Campo de control | 20260216162718.0 |
| 008 - Elementos de longitud fija--Información general | |
| Campo de control de longitud fija | 170927b2010 xxu||||| |||| 00| 0 spa d |
| 020 ## - International Standard Book Number | |
| Número Internacional Estándar del Libro (ISBN) | 9789589837351 |
| 041 ## - Idioma | |
| Código de idioma | Español |
| 082 ## - Clasificación Decimal Dewey | |
| Número de clasificación | 364 EN56e |
| 245 ## - Título propiamente dicho | |
| Título | Enciclopedia criminalística, criminología e investigación: Tomo II |
| 260 ## - Pie de imprenta | |
| Lugar de publicación, distribución, etc. | Colombia |
| 260 ## - Pie de imprenta | |
| Nombre del editor, distribuidor, etc. | Sigma Editores |
| 260 ## - Pie de imprenta | |
| Fecha de publicación, distribución, etc. | 2010 |
| 300 ## - Descripción física | |
| Extensión | 1023 páginas |
| 490 ## - Serie | |
| Título de la Serie | Investigación Criminal |
| 505 ## - Nota de contenido | |
| Nota de contenido | Contiene imágenes de casos reales |
| 505 ## - Nota de contenido | |
| Nota de contenido | Contiene Disco compacto 577 |
| 650 ## - Materia general | |
| Temática (materia general) | CRIMINOLOGÍA |
| 650 ## - Materia general | |
| Temática (materia general) | PSICOLOGÍA JURÍDICA |
| 650 ## - Materia general | |
| Temática (materia general) | FORENSE |
| 650 ## - Materia general | |
| Temática (materia general) | LESIONES Y TRAUMAS |
| 650 ## - Materia general | |
| Temática (materia general) | FENÓMENOS CADAVÉRICOS |
| 650 ## - Materia general | |
| Temática (materia general) | CADÁVERES PUTREFACTOS |
| 942 ## - Punto de acceso adicional KOHA | |
| Tipo de ítem KOHA | Libro |
| Fuente del sistema de clasificación o colocación | Dewey Decimal Classification |
| Signatura completa | Código de barras | Programa Académico | Tipo de ítem |
|---|---|---|---|
| 364 EN56e | 15589 | Investigación Criminal | Libro |
| 364 EN56e | 15663 | Investigación Criminal | Libro |